Industrial marketing Case Study Slovakia
Na minha lista:
| Autor principal: | |
|---|---|
| Outros Autores: | , , , |
| Formato: | Livro |
| Idioma: | inglês |
| Publicado em: |
Saarbrücken
Lambert Academic Publishing
2016
|
| Edição: | 1. vydanie |
| Assuntos: | |
| Tags: |
Sem tags, seja o primeiro a adicionar uma tag!
|
MARC
| LEADER | 00000nam a2200000 4500 | ||
|---|---|---|---|
| 001 | 0296640 | ||
| 005 | 20251014084338.3 | ||
| 020 | |a 978-3-659-97913-2 | ||
| 041 | 0 | |a eng | |
| 044 | |a DE | ||
| 245 | 1 | 0 | |a Industrial marketing |b Case Study Slovakia |c Adriana Csikósová, Mária Janošková, Katarína Čulková ; Reviewers: Nora Štangová, Michal Pružinský |
| 250 | |a 1. vydanie | ||
| 264 | 1 | |a Saarbrücken |b Lambert Academic Publishing |c 2016 | |
| 300 | |a 85 s. | ||
| 610 | 2 | 0 | |a marketing |
| 610 | 2 | 0 | |a odvetvia priemyselné |
| 610 | 2 | 0 | |a štúdie prípadové |
| 610 | 2 | 0 | |a Slovensko |
| 100 | 1 | |a Csikósová, Adriana | |
| 700 | 1 | |a Janošková, Mária, 1965- | |
| 700 | 1 | |a Čulková, Katarína | |
| 700 | 1 | |a Štangová, Nora | |
| 700 | 1 | |a Pružinský, Michal, 1952- | |